000 01016nam a22002537a 4500
999 _c18610
_d18610
003 AR-CdUCM
008 190514b ||||| |||| 00| 0 spa d
020 _a950-20-1070-1
040 _aMUNICIPALIDAD PROVINCIAL DEL CUSCO
_cBIBLIOTECA MUNICIPAL DEL CUSCO
082 _a342.23 /
_bM22
100 _aManfroni, Carlos A.
_939300
245 _aLa convención Interamericana contra la corrupción :
_banotada y comentada /
260 _aBuenos Aires :
_bAbeledo - Perrot,
_c1997.
300 _a245 páginas ;
_c19 cm.
505 _aContenido: ¿Por que combatir internacionalmente la corrupción? -- Definiciones -- Propósitos -- Medidas preventivas -- Ámbito -- Jurisprudencia -- Actos de corrupción ...
650 _aCorrupción
_95144
650 _aDesarrollo
_92021
650 _aTransparencia
_939301
650 _aÓrganos de control
_939302
700 _aLagos, Enrique (prólogo)
_939303
700 _aWerksman, Richard (medidas preventivas)
_939304
942 _2ddc
_cLIBROS
945 _aachl
_d2019-05-14